000 00444cam a2200181ua 4500
020 _c2.00
041 _amal
_h
082 _a894.812809
_bSAR/AS
100 _aSarachandran, K P .
245 _aAswadanam Apagradanam /
_cK P Sarachandran.
_hTextual Documents
250 _a1 /
_b.
260 _aKottayam :
_bNational Book Stall ,
_c1968.
300 _a132 ; .
365 _a2.00
504 _a
942 _cBK
999 _c6674
_d6674